Normal view
MARC view
- Community development
Entry Topical Term
001 - CONTROL NUMBER
- control field: 37279
003 - CONTROL NUMBER IDENTIFIER
- control field: NUST
005 - DATE AND TIME OF LATEST TRANSACTION
- control field: 20210314130237.0
008 - FIXED-LENGTH DATA ELEMENTS
- fixed length control field: 210314|| aca||aabn | a|a d
040 ## - CATALOGING SOURCE
- Original cataloging agency: NUST
- Transcribing agency: NUST
150 ## - HEADING--TOPICAL TERM
- Topical term or geographic name entry element: Community development
- General subdivision: Case studies
- General subdivision: Handbooks, manuals, etc
670 ## - SOURCE DATA FOUND
- Source citation: Work cat.: (NUST): The World Bank participation sourcebook, c1996.
